Arquitectura i cooperació local
Descripción Física:
117 p. : principalment il., col. ; 25 cm
MARC
| LEADER | 00000nam a2200000Ia 4500 | ||
|---|---|---|---|
| 001 | 9876 | ||
| 008 | 160829s1991 xx 000 0 cat d | ||
| 080 | |a B-1-279 | ||
| 245 | |a Arquitectura i cooperació local | ||
| 260 | |a Barcelona : |b Diputació de Barcelona, |c 1991 | ||
| 300 | |a 117 p. : |b principalment il., col. ; |c 25 cm | ||
| 650 | |a Edificis municipals |x Barcelona (Província) |x Conservació i restauració |9 20079 | ||
| 710 | 1 | |a Barcelona (Catalunya : Província). |b Diputació |9 52408 | |
| 901 | |a Arxiu | ||
| 942 | |n 1 | ||
| 952 | |0 0 |1 0 |4 0 |6 B1279 |7 1 |9 41426 |a Arxiu |b Arxiu |d 2016-12-01 |l 0 |o B-1-279 |p 9876 |r 2016-12-01 00:00:00 |w 2016-12-01 |y ARXIU | ||
| 999 | |c 43233 |d 43233 | ||